书目信息 |
| 题名: |
工业会计学
|
|
| 作者: | 阎金锷 , 贺南轩 编 | |
| 分册: | ||
| 出版信息: | 北京 中国人民大学出版社 1983 |
|
| 页数: | 534页 | |
| 开本: | 21cm | |
| 丛书名: | ||
| 单 册: | ||
| 中图分类: | F406.71 | |
| 科图分类: | ||
| 主题词: | 工业经济--经济理论 | |
| 电子资源: | ||
| ISBN: | ||
| 000 | 00680nam0 2200253 45 | |
| 001 | 0183002969 | |
| 005 | 20051122150116.43 | |
| 010 | @dCNY1.90 | |
| 091 | @a4011.384 | |
| 100 | @a19950305d1983 em y0chiy0121 ea | |
| 101 | 0 | @achi |
| 102 | @aCN@b110000 | |
| 105 | @ay z 000yy | |
| 200 | 10 | @a工业会计学@Agong ye kuai ji xue@f阎金锷,贺南轩编@Fyan jin e,he nan xuan bian |
| 205 | @a2版 | |
| 210 | @a北京@c中国人民大学出版社@d1983 | |
| 215 | @a534页@d21cm | |
| 606 | 0 | @a工业经济@x经济理论 |
| 690 | @aF406.71@v3 | |
| 701 | 0 | @a阎金锷@Ayan jin e@4编 |
| 701 | 0 | @a贺南轩@Ahe nan xuan@4编 |
| 801 | 2 | @aCN@bNLC@c20051122 |
| 801 | 0 | @aCN@bTSSF |
| 905 | @a10447@dF406.71@e15 | |
| 工业会计学/阎金锷,贺南轩编.-2版.-北京:中国人民大学出版社,1983 |
| 534页;21cm |
| ISBN :CNY1.90 |
| ● |
| 相关链接 |
|
|
|
|
正题名:工业会计学
索取号:F406.71/15
 
预约/预借
| 序号 | 登录号 | 条形码 | 馆藏地/架位号 | 状态 | 备注 |
| 1 | 0090816 | 202148425 | 密集书库/ [索取号:F406.71/15] | 在馆 |